Violencias mexicanas, 1920-2020 : once estudios /

Gardado en:
Detalles Bibliográficos
Outros autores: Rodríguez Kuri, Ariel (Editor)
Formato: eBook
Idioma:Lingua castelá
Publicado: Ciudad de México : El Colegio de México, 2025.
Series:Colección Miradas Múltiples para Pensar a México y al Mundo ; 10.
Subjects:
Acceso en liña:https://elibro.unach.elogim.com/es/lc/unach/titulos/286274
Tags: Engadir etiqueta
Sen Etiquetas, Sexa o primeiro en etiquetar este rexistro!

MARC

LEADER 00000nam a2200000 i 4500
001 ELB286274
003 FINmELB
005 20250822124438.0
006 m o u
007 cr cn|||||||||
008 250822s2025 mx ob 000 0 spa d
020 |z 9786075646046 
035 |a (OCoLC)1538592684 
040 |a FINmELB  |b spa  |e rda  |c FINmELB 
050 1 4 |a HN120.Z9  |b V795 2025 
080 |a 316.624.3(72) 
082 0 4 |a 303.60972  |2 23 
245 0 0 |a Violencias mexicanas, 1920-2020 :  |b once estudios /  |c Arie Rodríguez Kuri, coordinador. 
264 1 |a Ciudad de México :  |b El Colegio de México,  |c 2025. 
300 |a 1 recurso en línea (543 páginas) 
336 |a texto  |b txt  |2 rdamedia/spa 
337 |a computadora  |b c  |2 rdamedia/spa 
338 |a recurso en línea  |b cr  |2 rdacarrier/spa 
490 1 |a Colección Miradas Múltiples para Pensar a México y al Mundo ;  |v 10 
504 |a Contiene bibliografía. 
588 |a Descripción basada en metadatos suministrados por el editor y otras fuentes. 
590 |a Recurso electrónico. Santa Fe, Arg.: elibro, 2025. Disponible vía World Wide Web. El acceso puede estar limitado para las bibliotecas afiliadas a elibro. 
650 4 |a Violencia  |z México  |x Historia. 
655 4 |a Libros electrónicos. 
700 1 |a Rodríguez Kuri, Ariel,  |e editor. 
797 2 |a elibro, Corp. 
830 0 |a Colección Miradas Múltiples para Pensar a México y al Mundo ;  |v 10. 
856 4 0 |u https://elibro.unach.elogim.com/es/lc/unach/titulos/286274